• 首页
  • 本馆介绍
  • 公告通知
  • 最新文献
  • 馆藏检索
  • 电子资源
  • 读者导购
  • 参考咨询
  • 我的图书馆
  • 登录
  • 详细信息显示
  • 放入我的书架
  • 预约/预借图书
  • 作者相关作品
  • 分类相关作品
  • 丛书相关作品
  • 出版社相关作品

书目信息

  • 表格格式
  • 工作单格式
  • 卡片格式
题名:
要不累的生活
    
 
作者: 埃米特 著 ;冯君雪 译
分册:  
出版信息: 南京   译林出版社  2011
页数: 198页
开本: 21cm
丛书名:
单 册:
中图分类: C935-49
科图分类:
主题词: 时间--管理--通俗读物 , 时间
电子资源:
ISBN: 978-7-5447-2299-5
000 00896nam0 2200253 45
001 1237703778
005 20120618085643.03
010    @a978-7-5447-2299-5@dCNY25.80
100    @a20120513d2011 em y0chiy50 ea
101 1  @achi@ceng
102    @aCN@b320000
105    @ay z 000yy
106    @ar
200 1  @a要不累的生活@AYao Bu Lei De Sheng Huo@f(美)丽塔·埃米特(Rita Emmett)著@F( Mei ) Li Ta· Ai Mi Te (Rita Emmett) Zhu@g冯君雪译
210    @a南京@c译林出版社@d2011
215    @a198页@d21cm
330    @a本书共分为八部分,主要内容包括:控制压力;时间留给在乎的事;抛弃完美主义;向目标直线进发;让生活简单、有序;我的生活,我的底线等。
606 0  @a时间@x管理@j通俗读物
606 0  @a时间
690    @aC935-49@v4
701  0 @c(美)@a埃米特@AAi Mi Te@c(Emmett, Rita)@4著
702  0 @a冯君雪@AFeng Jun Xue@4译
801  0 @aCN@bTSTCL@c20120604
905    @b0818475-78@dC935-49@e443@f4
    
    要不累的生活/(美)丽塔·埃米特(Rita Emmett)著/冯君雪译.-南京:译林出版社,2011
    198页;21cm
    
    
    ISBN 978-7-5447-2299-5:CNY25.80
    本书共分为八部分,主要内容包括:控制压力;时间留给在乎的事;抛弃完美主义;向目标直线进发;让生活简单、有序;我的生活,我的底线等。
●
相关链接 在E读中查询图书 在五车中查询图书 在当当中查询图书 在豆瓣中查询图书


正题名:要不累的生活     索取号:C935-49/443         预约/预借

序号 登录号 条形码 馆藏地/架位号 状态 备注
1 0818475   208184757   第一样本阅览室/ [索取号:C935-49/443] 在馆    
2 0818476   208184766   第一借阅区/ [索取号:C935-49/443] 在馆    
3 0818477   208184775   第一借阅区/ [索取号:C935-49/443] 在馆    
4 0818478   208184784   第一借阅区/ [索取号:C935-49/443] 在馆    
欢迎您!
大连网信软件有限公司© 版权所有